[Event "X C.to Europeo a squadre"]
[Site "Debrecen HUN"]
[Date "1992.11.??"]
[Round "1.1"]
[White "Ernst, Thomas"]
[Black "Godena, Michele"]
[Result "1/2-1/2"]
[WhiteElo "2570"]
[BlackElo "2435"]
[Annotator "ITA-SWE"]
[PlyCount "86"]
[EventDate "1992.11.20"]

1. e4 e5 2. Nf3 Nc6 3. Bb5 Bc5 4. c3 Nf6 5. d4 Bb6 6. O-O O-O 7. Bg5 h6 8. Bh4
d6 9. a4 a5 10. Re1 exd4 11. cxd4 Bg4 12. Bxc6 bxc6 13. Nc3 g5 14. Bg3 Nh5 15.
Qd3 Qf6 16. Rad1 Rae8 17. d5 Nxg3 18. hxg3 Bd7 19. Rd2 Bc5 20. Rde2 Qg6 21.
dxc6 Bxc6 22. Nd4 Bd7 23. Nd5 c6 24. Nc3 d5 25. Nf3 Bg4 26. Qd1 d4 27. Na2 Qe6
28. Nc1 Bb4 29. Rf1 c5 30. Nd3 Rd8 31. b3 Rb8 32. Qc2 Rfc8 33. Nb2 Bc3 34. Nc4
Rb7 35. Rb1 Rcb8 36. Kh2 Qf6 37. Ncd2 Bxd2 38. Rxd2 Bxf3 39. gxf3 Qxf3 40. Qxc5
Rxb3 41. Rbd1 d3 42. Qxa5 Rb1 43. Qf5 Qxf5 1/2-1/2

[Event "X C.to Europeo a squadre"]
[Site "Debrecen HUN"]
[Date "1992.11.??"]
[Round "1.2"]
[White "Sarno, Spartaco"]
[Black "Hellers, Ferdinand"]
[Result "0-1"]
[WhiteElo "2430"]
[BlackElo "2500"]
[Annotator "ITA-SWE"]
[PlyCount "64"]
[EventDate "1992.11.20"]

1. d4 Nf6 2. c4 g6 3. Nc3 Bg7 4. e4 d6 5. f3 O-O 6. Be3 e5 7. d5 c6 8. Bd3 cxd5
9. cxd5 Nh5 10. Nge2 f5 11. Qd2 Nd7 12. exf5 gxf5 13. O-O Ndf6 14. Rac1 Bd7 15.
h3 f4 16. Bf2 Kh8 17. Ne4 Nxe4 18. Bxe4 Rg8 19. Kh1 Nf6 20. Nc3 Qe8 21. Bg1 Qh5
22. Bh2 Bh6 23. Bd3 Rg7 24. Rf2 Rag8 25. Ne4 Nxe4 26. Bxe4 Bg5 27. Rc7 Bh4 28.
Re2 Bg3 29. Bxg3 Rxg3 30. Rc1 Qg5 31. Rc7 Rxh3+ 32. Kg1 Qh4 0-1

[Event "X C.to Europeo a squadre"]
[Site "Debrecen HUN"]
[Date "1992.11.??"]
[Round "1.4"]
[White "D'Amore, Carlo"]
[Black "Karlsson, Lars"]
[Result "0-1"]
[WhiteElo "2405"]
[BlackElo "2480"]
[Annotator "ITA-SWE"]
[PlyCount "92"]
[EventDate "1992.11.20"]

1. Nf3 e6 2. g3 f5 3. Bg2 Nf6 4. d4 d5 5. O-O Bd6 6. c4 O-O 7. Qc2 c6 8. Bf4
Bxf4 9. gxf4 Kh8 10. Nbd2 Nbd7 11. e3 Ne4 12. Nxe4 fxe4 13. Ng5 Nf6 14. f3 h6
15. h4 Qe8 16. fxe4 hxg5 17. hxg5 Nxe4 18. Bxe4 dxe4 19. Qxe4 Kg8 20. Rf2 e5
21. dxe5 Bf5 22. Qg2 Qg6 23. Rd1 Rad8 24. Rfd2 Rd3 25. Rxd3 Bxd3 26. b3 Qf5 27.
Kh2 Rd8 28. Kg3 Kf7 29. Qh1 Ke7 30. Qh4 Kd7 31. Qg4 Qxg4+ 32. Kxg4 Ke6 33. Kg3
Rd7 34. c5 Rd5 35. b4 Be4 36. Rxd5 Bxd5 37. a3 Kf5 38. Kf2 g6 39. Ke2 Ke4 40.
Kd2 Bc4 41. Kc3 Be6 42. Kd2 Bg4 43. a4 a6 44. a5 Bd7 45. Ke2 Be6 46. Kf2 Bc4
0-1

[Event "X C.to Europeo a squadre"]
[Site "Debrecen HUN"]
[Date "1992.11.??"]
[Round "2.1"]
[White "Lanka, Zigurds"]
[Black "Arlandi, Ennio"]
[Result "1/2-1/2"]
[WhiteElo "2520"]
[BlackElo "2435"]
[Annotator "ITA-LAT"]
[PlyCount "77"]
[EventDate "1992.11.20"]

1. e4 e5 2. Nf3 Nf6 3. Nxe5 d6 4. Nf3 Nxe4 5. d4 d5 6. Bd3 Nc6 7. O-O Be7 8. c4
Nf6 9. Nc3 O-O 10. h3 Nb4 11. Be2 dxc4 12. Bxc4 c6 13. Ne5 Nbd5 14. Bg5 Be6 15.
Bb3 Re8 16. Re1 h6 17. Bh4 Nd7 18. Bg3 Nxe5 19. Bxe5 Nxc3 20. bxc3 Bf6 21. Bc2
Bc4 22. Qg4 Bxe5 23. dxe5 Be6 24. Qe4 g6 25. Qe3 Kg7 26. a4 Bd5 27. Rab1 b6 28.
f4 f5 29. exf6+ Qxf6 30. Qg3 Bf7 31. f5 g5 32. h4 Rxe1+ 33. Rxe1 Re8 34. Rxe8
Bxe8 35. hxg5 hxg5 36. Be4 Kf8 37. Kf2 a5 38. Qe3 c5 39. Bc2 1/2-1/2

[Event "X C.to Europeo a squadre"]
[Site "Debrecen HUN"]
[Date "1992.11.??"]
[Round "2.2"]
[White "Godena, Michele"]
[Black "Bagirov, Vladimir K."]
[Result "1/2-1/2"]
[WhiteElo "2435"]
[BlackElo "2515"]
[Annotator "ITA-LAT"]
[PlyCount "80"]
[EventDate "1992.11.20"]

1. e4 Nf6 2. e5 Nd5 3. d4 d6 4. Nf3 Bg4 5. Be2 e6 6. c4 Nb6 7. exd6 cxd6 8. Nc3
Be7 9. h3 Bh5 10. O-O O-O 11. Be3 d5 12. cxd5 Nxd5 13. Qb3 Nxe3 14. fxe3 Qb6
15. Qxb6 axb6 16. g4 Bg6 17. Ne5 Bf6 18. Nxg6 hxg6 19. Bf3 Nc6 20. Rfc1 Bg5 21.
Kf2 e5 22. d5 Nb4 23. Ke2 f5 24. a3 Na6 25. gxf5 gxf5 26. Rg1 Bh6 27. Rg6 e4
28. Bh5 Nc5 29. Rag1 Kh8 30. Rxb6 f4 31. exf4 Nd3 32. Bg4 Nxf4+ 33. Kd1 Nd3 34.
Rxb7 Be3 35. Re1 Nxe1 36. Kxe1 Bc1 37. Nxe4 Rab8 38. Rxb8 Rxb8 39. d6 Bxb2 40.
a4 Rb4 1/2-1/2

[Event "X C.to Europeo a squadre"]
[Site "Debrecen HUN"]
[Date "1992.11.??"]
[Round "2.3"]
[White "Zhuravliov, Valerij"]
[Black "Sarno, Spartaco"]
[Result "1/2-1/2"]
[WhiteElo "2475"]
[BlackElo "2430"]
[Annotator "ITA-LAT"]
[PlyCount "85"]
[EventDate "1992.11.20"]

1. e4 d6 2. d4 Nf6 3. Nc3 g6 4. f3 c6 5. Be3 Bg7 6. Qd2 O-O 7. Nge2 b5 8. Nc1
Nbd7 9. Be2 Bb7 10. O-O Qc7 11. Nd3 a6 12. a4 e5 13. dxe5 Nxe5 14. Nxe5 dxe5
15. Nd1 Nh5 16. g3 f5 17. Bc5 Rfd8 18. Bd3 Nf6 19. Nf2 Nd7 20. Be3 f4 21. gxf4
exf4 22. Bxf4 Ne5 23. Ng4 Qb6+ 24. Be3 c5 25. Nxe5 Bxe5 26. axb5 axb5 27. Rxa8
Bxa8 28. b4 Bd4 29. bxc5 Qxc5 30. Bxd4 Rxd4 31. Qe3 Bc6 32. Kh1 b4 33. Rb1 Bb5
34. Bf1 Bxf1 35. Rxf1 Kg7 36. Kg2 Qxc2+ 37. Rf2 Qc3 38. Qg5 Qc7 39. e5 Qf7 40.
Re2 Rd3 41. Qg4 Qf5 42. Qg3 Qe6 43. Qh4 1/2-1/2

[Event "X C.to Europeo a squadre"]
[Site "Debrecen HUN"]
[Date "1992.11.??"]
[Round "2.4"]
[White "Tatai, Stefano"]
[Black "Berzinsh, Roland"]
[Result "1/2-1/2"]
[WhiteElo "2420"]
[BlackElo "2390"]
[Annotator "ITA-LAT"]
[PlyCount "72"]
[EventDate "1992.11.20"]

1. e4 e5 2. Nf3 Nc6 3. Bb5 a6 4. Ba4 Nf6 5. O-O Be7 6. Re1 b5 7. Bb3 O-O 8. c3
d5 9. exd5 Nxd5 10. Nxe5 Nxe5 11. Rxe5 c6 12. Bxd5 cxd5 13. d4 Bd6 14. Re3 Qh4
15. h3 Qf4 16. Rg3 Qf6 17. Rf3 Qg6 18. Qd3 Re8 19. Bd2 Re4 20. a4 Bf5 21. Qf1
bxa4 22. Rxa4 Re7 23. Na3 Be4 24. Re3 Bf4 25. Rxe4 Qxe4 26. Bxf4 Qxf4 27. Nc2
Qd6 28. Ne3 Rb7 29. b4 Rc7 30. Qd3 Qc6 31. Ra5 Qxc3 32. Qxc3 Rxc3 33. Nxd5 Rc4
34. b5 Rxd4 35. bxa6 Kf8 36. a7 Rxd5 1/2-1/2

[Event "X C.to Europeo a squadre"]
[Site "Debrecen HUN"]
[Date "1992.11.??"]
[Round "3.1"]
[White "Arlandi, Ennio"]
[Black "Kotronias, Vasilios"]
[Result "1/2-1/2"]
[WhiteElo "2435"]
[BlackElo "2550"]
[Annotator "ITA-GRE"]
[PlyCount "47"]
[EventDate "1992.11.20"]

1. d4 Nf6 2. c4 e6 3. Nc3 Bb4 4. Qc2 d5 5. cxd5 exd5 6. Bg5 h6 7. Bxf6 Qxf6 8.
a3 Bxc3+ 9. Qxc3 O-O 10. e3 Bf5 11. Ne2 Nd7 12. Ng3 c5 13. Nxf5 Qxf5 14. Bd3
Qg4 15. O-O cxd4 16. Qxd4 Qxd4 17. exd4 Rfc8 18. Rfc1 Nf8 19. Bf5 Ne6 20. Bxe6
fxe6 21. f4 Kf7 22. Kf2 Ke7 23. Ke3 Kd6 24. b3 1/2-1/2

[Event "X C.to Europeo a squadre"]
[Site "Debrecen HUN"]
[Date "1992.11.??"]
[Round "3.3"]
[White "Sarno, Spartaco"]
[Black "Grivas, Efstratios"]
[Result "1/2-1/2"]
[WhiteElo "2430"]
[BlackElo "2470"]
[Annotator "ITA-GRE"]
[PlyCount "47"]
[EventDate "1992.11.20"]

1. d4 Nf6 2. c4 g6 3. Nc3 Bg7 4. e4 d6 5. f3 a6 6. Be3 c6 7. a4 a5 8. Bd3 Na6
9. Rc1 O-O 10. Nge2 e5 11. O-O Nd7 12. Bb1 Qe7 13. Qd2 exd4 14. Nxd4 Ndc5 15.
Bh6 Bxh6 16. Qxh6 Ne6 17. Nde2 Ng7 18. Rcd1 Be6 19. b3 Nc5 20. Nd4 Rad8 21.
Rde1 Bc8 22. Bc2 f6 23. Qd2 Qc7 24. Qf2 1/2-1/2

[Event "X C.to Europeo a squadre"]
[Site "Debrecen HUN"]
[Date "1992.11.??"]
[Round "4.1"]
[White "Renet, Olivier"]
[Black "Arlandi, Ennio"]
[Result "1-0"]
[WhiteElo "2530"]
[BlackElo "2435"]
[Annotator "ITA-FRA"]
[PlyCount "107"]
[EventDate "1992.11.20"]

1. e4 e5 2. Nf3 Nf6 3. Nxe5 d6 4. Nf3 Nxe4 5. d4 d5 6. Bd3 Nc6 7. O-O Be7 8. c4
Nf6 9. Nc3 O-O 10. cxd5 Nxd5 11. Re1 Be6 12. a3 Bf6 13. Be4 h6 14. Qd3 Nce7 15.
Bd2 c6 16. Ne2 Nc7 17. Nf4 Ned5 18. Nxe6 Nxe6 19. g3 Re8 20. h4 Qd6 21. Rad1
Rad8 22. Bh7+ Kh8 23. Bf5 Nec7 24. Qb3 b6 25. Bb1 Rxe1+ 26. Rxe1 Re8 27. Rc1
Kg8 28. Qc2 Re6 29. Qh7+ Kf8 30. Qh8+ Ke7 31. a4 Ne8 32. Qh7 Kd8 33. Kg2 a5 34.
Qd3 Nec7 35. Qc4 Ne7 36. b4 axb4 37. Bxb4 Qd7 38. a5 bxa5 39. Bxa5 Ke8 40. Bxc7
Qxc7 41. d5 Rd6 42. Be4 Bb2 43. Rc2 f5 44. Bxf5 Nxf5 45. dxc6 Ba1 46. Ra2 Qxc6
47. Qg8+ Ke7 48. Ra7+ Rd7 49. Rxa1 Rd4 50. Ra7+ Rd7 51. Ra5 g6 52. h5 Nd4 53.
Re5+ Kd6 54. Qf8+ 1-0

[Event "X C.to Europeo a squadre"]
[Site "Debrecen HUN"]
[Date "1992.11.??"]
[Round "4.2"]
[White "Godena, Michele"]
[Black "Apicella, Manuel"]
[Result "1/2-1/2"]
[WhiteElo "2435"]
[BlackElo "2450"]
[Annotator "ITA-FRA"]
[PlyCount "67"]
[EventDate "1992.11.20"]

1. e4 e6 2. d4 d5 3. Nd2 Nf6 4. e5 Nfd7 5. Bd3 c5 6. c3 Nc6 7. Ne2 cxd4 8. cxd4
f6 9. exf6 Nxf6 10. Nf3 Bd6 11. O-O O-O 12. Bg5 Bd7 13. Bh4 Be8 14. Ng5 Qd7 15.
Bg3 h6 16. Nh3 Bxg3 17. hxg3 g5 18. f3 Qg7 19. Nf2 a6 20. Re1 Bd7 21. Qd2 Rf7
22. Rad1 g4 23. f4 h5 24. Bc2 Qh6 25. Nd3 Ne4 26. Qe3 h4 27. gxh4 Qxh4 28. Nf2
Nxf2 29. Qxf2 Qh5 30. g3 Rc8 31. Bb1 Kg7 32. Qh2 Qxh2+ 33. Kxh2 Rf6 34. Kg2
1/2-1/2

[Event "X C.to Europeo a squadre"]
[Site "Debrecen HUN"]
[Date "1992.11.??"]
[Round "4.3"]
[White "Prie, Eric"]
[Black "Sarno, Spartaco"]
[Result "1-0"]
[WhiteElo "2460"]
[BlackElo "2430"]
[Annotator "ITA-FRA"]
[PlyCount "49"]
[EventDate "1992.11.20"]

1. e4 d6 2. d4 Nf6 3. Nc3 g6 4. f4 Bg7 5. Nf3 O-O 6. Bd3 Na6 7. O-O c5 8. d5
Rb8 9. e5 Nd7 10. e6 fxe6 11. dxe6 Nb6 12. Ng5 c4 13. Be2 Nc5 14. Bg4 Rf6 15.
Be3 Nxe6 16. Nd5 Nxg5 17. Bxb6 axb6 18. Nxf6+ Bxf6 19. fxg5 Bxb2 20. Rb1 Be5
21. Qd5+ Kh8 22. Be6 Bd7 23. Rf7 Bc6 24. Qxc4 b5 25. Rxh7+ 1-0

[Event "X C.to Europeo a squadre"]
[Site "Debrecen HUN"]
[Date "1992.11.??"]
[Round "4.4"]
[White "Tatai, Stefano"]
[Black "Hauchard, Arnaud"]
[Result "1/2-1/2"]
[WhiteElo "2420"]
[BlackElo "2430"]
[Annotator "ITA-FRA"]
[PlyCount "81"]
[EventDate "1992.11.20"]

1. e4 Nf6 2. e5 Nd5 3. d4 d6 4. Nf3 Bg4 5. Be2 c6 6. Ng5 Bxe2 7. Qxe2 Qa5+ 8.
c3 dxe5 9. dxe5 e6 10. O-O Nd7 11. f4 Be7 12. Ne4 Nc5 13. Nbd2 Nxe4 14. Nxe4 b5
15. Bd2 O-O 16. Kh1 Qc7 17. b3 a5 18. a3 a4 19. c4 Nb6 20. c5 Nd5 21. b4 f6 22.
Nd6 fxe5 23. fxe5 Rxf1+ 24. Rxf1 Rf8 25. Rxf8+ Bxf8 26. Qg4 Qd7 27. h4 Bxd6 28.
exd6 Qf7 29. Bh6 Nf6 30. Qg3 Qg6 31. Qxg6 hxg6 32. Bg5 Nd7 33. Kh2 Kf7 34. Kg3
Ke8 35. Kf4 Kf7 36. Ke4 Ke8 37. Bc1 Kf7 38. Bb2 Kf8 39. Kf4 Kf7 40. g4 Nf8 41.
Ke4 1/2-1/2

[Event "X C.to Europeo a squadre"]
[Site "Debrecen HUN"]
[Date "1992.11.??"]
[Round "5.1"]
[White "Arlandi, Ennio"]
[Black "Grosar, Aljosa"]
[Result "1/2-1/2"]
[WhiteElo "2435"]
[BlackElo "2415"]
[Annotator "ITA-SLO"]
[PlyCount "65"]
[EventDate "1992.11.20"]

1. d4 Nf6 2. c4 e6 3. Nc3 Bb4 4. Qc2 c5 5. dxc5 Na6 6. a3 Bxc3+ 7. Qxc3 Nxc5 8.
b4 Nce4 9. Qb2 d5 10. c5 d4 11. e3 e5 12. Bb5+ Bd7 13. Bxd7+ Qxd7 14. Nf3 Ng4
15. O-O O-O-O 16. h3 h5 17. exd4 exd4 18. Bf4 Qf5 19. Qc1 Rd5 20. Qc4 Ngf6 21.
Bd6 Nxd6 22. cxd6+ Kb8 23. Nxd4 Qd7 24. Nb3 Qxd6 25. Rac1 g5 26. Rfe1 Rd8 27.
Nc5 g4 28. h4 g3 29. fxg3 Qxg3 30. Ne4 Nxe4 31. Qxe4 a6 32. Rf1 Rd4 33. Qf3
1/2-1/2

[Event "X C.to Europeo a squadre"]
[Site "Debrecen HUN"]
[Date "1992.11.??"]
[Round "5.4"]
[White "Sifrer, Darko"]
[Black "D'Amore, Carlo"]
[Result "0-1"]
[WhiteElo "2355"]
[BlackElo "2405"]
[Annotator "ITA-SLO"]
[PlyCount "98"]
[EventDate "1992.11.20"]

1. Nf3 Nf6 2. c4 g6 3. Nc3 Bg7 4. e4 O-O 5. d4 d6 6. Be2 Bg4 7. Be3 Nfd7 8. Ng1
Bxe2 9. Ngxe2 c5 10. O-O a6 11. Rc1 Nc6 12. h3 b5 13. dxc5 Nxc5 14. cxb5 axb5
15. a3 b4 16. axb4 Nxb4 17. Bd4 Ncd3 18. Bxg7 Kxg7 19. Rb1 e6 20. Qd2 Qb6 21.
Nf4 Ne5 22. Rfd1 Rfd8 23. Nce2 h6 24. Nd4 Kh7 25. Qe2 Rac8 26. Qb5 Rb8 27. Qxb6
Rxb6 28. Nfe2 Kg7 29. Kf1 Rdb8 30. b3 g5 31. Rbc1 Na6 32. Ra1 Nc5 33. Ra7 Kf6
34. f3 Nxb3 35. Nxb3 Rxb3 36. Rxd6 Rb2 37. Rd1 Rc8 38. Nd4 Rd8 39. Raa1 Nc4 40.
e5+ Kg6 41. Rd3 Nxe5 42. Rb3 Rd2 43. Re1 f6 44. Nxe6 Rc8 45. f4 Nd3 46. f5+
Kxf5 47. Nd4+ Kg6 48. Ra1 Nf4 49. Rb4 Nxg2 0-1

[Event "X C.to Europeo a squadre"]
[Site "Debrecen HUN"]
[Date "1992.11.??"]
[Round "6.2"]
[White "Sarno, Spartaco"]
[Black "Brunner, Lucas"]
[Result "1-0"]
[WhiteElo "2430"]
[BlackElo "2490"]
[Annotator "ITA-SUI"]
[PlyCount "163"]
[EventDate "1992.11.20"]

1. c4 e5 2. Nc3 Nf6 3. Nf3 Nc6 4. g3 d5 5. cxd5 Nxd5 6. Bg2 Nb6 7. O-O Be7 8.
a3 O-O 9. b4 Be6 10. Rb1 f6 11. d3 Nd4 12. Nd2 Nd5 13. Bb2 Rf7 14. Nc4 Nxc3 15.
Bxc3 Nb5 16. Bb2 c6 17. Na5 Bf8 18. Nb3 Qd7 19. Qc2 Bd5 20. e4 Be6 21. a4 Nd4
22. Bxd4 exd4 23. Nc5 Bxc5 24. bxc5 f5 25. f4 fxe4 26. Bxe4 Re8 27. Rfe1 g6 28.
a5 Rfe7 29. Rb4 a6 30. Qb2 Qc7 31. Ra1 Rd7 32. Rxd4 Red8 33. Rxd7 Rxd7 34. Qf6
Bd5 35. Re1 Bf7 36. Qc3 Qd8 37. f5 Qg5 38. fxg6 hxg6 39. Kg2 Bd5 40. Re2 Rf7
41. Qd4 Rd7 42. h4 Qf5 43. Qe3 Kg7 44. Kh2 Qe5 45. d4 Qe6 46. Bxd5 Qxd5 47. Qf4
Kh7 48. Qf6 Rf7 49. Re7 Rxe7 50. Qxe7+ Kg8 51. Qe8+ Kh7 52. Qe7+ Kg8 53. Qd6
Qf7 54. Kg2 Kh7 55. Qe5 Qa2+ 56. Kh3 Qa1 57. Qe7+ Kh6 58. Qf8+ Kh7 59. Qf7+ Kh6
60. Qf4+ Kh7 61. Kg4 Qe1 62. Qe5 Qxa5 63. Qe7+ Kg8 64. Qxb7 Qd2 65. Qxc6 Qxd4+
66. Kh3 Qd3 67. Qe6+ Kg7 68. Qe7+ Kg8 69. Qe8+ Kg7 70. Qe7+ Kg8 71. Qe8+ Kg7
72. Qe7+ Kg8 73. Qe6+ Kg7 74. c6 Qf1+ 75. Kg4 a5 76. Qe5+ Kh7 77. c7 Qd1+ 78.
Kg5 Qc1+ 79. Kf6 Qc6+ 80. Ke7 a4 81. Qd6 Qe4+ 82. Kd8 1-0

[Event "X C.to Europeo a squadre"]
[Site "Debrecen HUN"]
[Date "1992.11.??"]
[Round "6.4"]
[White "D'Amore, Carlo"]
[Black "Zueger, Beat"]
[Result "1-0"]
[WhiteElo "2405"]
[BlackElo "2440"]
[Annotator "ITA-SUI"]
[PlyCount "63"]
[EventDate "1992.11.20"]

1. Nf3 Nf6 2. g3 g6 3. b3 Bg7 4. Bb2 d6 5. d4 c5 6. c4 Ne4 7. Bg2 Qa5+ 8. Nfd2
Nxd2 9. Bc3 Qc7 10. Qxd2 cxd4 11. Bxd4 Bxd4 12. Qxd4 O-O 13. Nc3 Nc6 14. Qd2
Be6 15. h4 h5 16. f4 Qa5 17. O-O Rac8 18. Kh2 Bg4 19. Rac1 a6 20. c5 dxc5 21.
f5 Bxf5 22. Rxf5 gxf5 23. Qg5+ Kh8 24. Qxh5+ Kg7 25. Qg5+ Kh8 26. Qxf5 Nd4 27.
Qh5+ Kg7 28. Qg5+ Kh8 29. e3 Qb6 30. exd4 cxd4 31. Be4 Rc5 32. Nd5 1-0

[Event "X C.to Europeo a squadre"]
[Site "Debrecen HUN"]
[Date "1992.11.??"]
[Round "7.1"]
[White "Arlandi, Ennio"]
[Black "Lobron, Eric"]
[Result "1/2-1/2"]
[WhiteElo "2435"]
[BlackElo "2625"]
[Annotator "ITA-GER"]
[PlyCount "103"]
[EventDate "1992.11.20"]

1. d4 Nf6 2. c4 e6 3. Nc3 Bb4 4. Qc2 O-O 5. a3 Bxc3+ 6. Qxc3 b6 7. Bg5 c5 8. e3
h6 9. Bh4 cxd4 10. Qxd4 Nc6 11. Qd1 Ba6 12. Qa4 Qc8 13. Bxf6 gxf6 14. Nf3 Ne5
15. Rc1 Bb7 16. Nxe5 fxe5 17. Be2 Kh7 18. f3 Rg8 19. Kf2 Qd8 20. c5 Bc6 21. Bb5
Bxb5 22. Qxb5 bxc5 23. Qxc5 d5 24. g3 a5 25. b4 axb4 26. axb4 Ra2+ 27. Rc2 Qa8
28. Re1 e4 29. Rxa2 Qxa2+ 30. Re2 Qa1 31. fxe4 Qh1 32. exd5 exd5 33. Qc2+ Rg6
34. e4 Qxh2+ 35. Ke3 Qg1+ 36. Kd2 Qd4+ 37. Kc1 Rxg3 38. exd5+ Kg7 39. Qb2 Rc3+
40. Rc2 Qg1+ 41. Kd2 Qe3+ 42. Kd1 Qg1+ 43. Kd2 Qd4+ 44. Kc1 Rd3 45. Qxd4+ Rxd4
46. Rb2 Rxd5 47. b5 Kf8 48. b6 Rd8 49. b7 Rb8 50. Kd2 Ke7 51. Ke3 Kd8 52. Rh2
1/2-1/2

[Event "X C.to Europeo a squadre"]
[Site "Debrecen HUN"]
[Date "1992.11.??"]
[Round "7.2"]
[White "Hertneck, Gerald"]
[Black "Godena, Michele"]
[Result "1/2-1/2"]
[WhiteElo "2580"]
[BlackElo "2435"]
[Annotator "ITA-GER"]
[PlyCount "72"]
[EventDate "1992.11.20"]

1. d4 d5 2. c4 e6 3. Nc3 Bb4 4. a3 Bxc3+ 5. bxc3 Ne7 6. e3 O-O 7. Nf3 c5 8.
cxd5 exd5 9. Be2 b6 10. dxc5 bxc5 11. c4 Ba6 12. Ra2 Bxc4 13. Bxc4 dxc4 14.
Qxd8 Rxd8 15. Rc2 Nd7 16. Rxc4 Nd5 17. Ke2 N7b6 18. Rc2 Na4 19. Bd2 Rab8 20.
Ba5 Rd6 21. Rd1 Rb2 22. Rxb2 Ndc3+ 23. Bxc3 Nxc3+ 24. Kf1 Rxd1+ 25. Ne1 g6 26.
Rb8+ Kg7 27. Ra8 Rd2 28. Rxa7 Ne4 29. f3 Nc3 30. Rc7 Nd5 31. Rxc5 Nxe3+ 32. Kg1
Re2 33. Rc1 Ra2 34. Rc3 Re2 35. Rc1 Ra2 36. Rc3 Re2 1/2-1/2

[Event "X C.to Europeo a squadre"]
[Site "Debrecen HUN"]
[Date "1992.11.??"]
[Round "7.4"]
[White "Hickl, Joerg"]
[Black "D'Amore, Carlo"]
[Result "1-0"]
[WhiteElo "2540"]
[BlackElo "2405"]
[Annotator "ITA-GER"]
[PlyCount "85"]
[EventDate "1992.11.20"]

1. g3 g6 2. Bg2 Bg7 3. c4 c5 4. Nc3 Nc6 5. a3 d6 6. Rb1 a5 7. Nf3 e5 8. d3 Nge7
9. Nd2 O-O 10. Nf1 h6 11. Ne3 f5 12. O-O Kh7 13. Ned5 Nxd5 14. Nxd5 a4 15. Nc3
Nd4 16. e3 Ne6 17. Nxa4 Rxa4 18. Qxa4 f4 19. Qd1 Qf6 20. f3 h5 21. b4 h4 22. g4
fxe3 23. Bxe3 Bh6 24. Bxh6 Kxh6 25. Qd2+ Nf4 26. Qe3 h3 27. Bh1 b6 28. Rf2 Bd7
29. a4 Bxa4 30. b5 Ra8 31. Ra2 Ra5 32. Qd2 d5 33. Re1 dxc4 34. dxc4 Bb3 35.
Rxa5 bxa5 36. Qc3 a4 37. Qxe5 Qxe5 38. Rxe5 a3 39. b6 a2 40. Re1 Ne2+ 41. Kf2
Nf4 42. Ke3 Nd3 43. Kxd3 1-0

[Event "X C.to Europeo a squadre"]
[Site "Debrecen HUN"]
[Date "1992.11.??"]
[Round "8.1"]
[White "Hjartarson, Johann"]
[Black "Arlandi, Ennio"]
[Result "1-0"]
[WhiteElo "2595"]
[BlackElo "2435"]
[Annotator "ITA-ISL"]
[PlyCount "55"]
[EventDate "1992.11.20"]

1. c4 e6 2. Nc3 d5 3. d4 Be7 4. cxd5 exd5 5. Bf4 Nf6 6. e3 O-O 7. Bd3 c5 8. Nf3
Nc6 9. O-O Bg4 10. dxc5 Bxc5 11. h3 Bxf3 12. Qxf3 d4 13. Ne4 Nxe4 14. Bxe4 dxe3
15. fxe3 Qb6 16. Rac1 f5 17. Bd5+ Kh8 18. Rc3 Rad8 19. Bxc6 bxc6 20. Be5 Kg8
21. Rfc1 Rd5 22. Qg3 Bxe3+ 23. Rxe3 Rxe5 24. Qxe5 f4 25. Qe6+ Rf7 26. Rxc6
Qxe3+ 27. Qxe3 fxe3 28. Rc8+ 1-0

[Event "X C.to Europeo a squadre"]
[Site "Debrecen HUN"]
[Date "1992.11.??"]
[Round "8.3"]
[White "Arnason, Jon L."]
[Black "Sarno, Spartaco"]
[Result "1-0"]
[WhiteElo "2525"]
[BlackElo "2430"]
[Annotator "ITA-ISL"]
[PlyCount "127"]
[EventDate "1992.11.20"]

1. e4 d6 2. d4 Nf6 3. Nc3 g6 4. f4 Bg7 5. Nf3 c5 6. dxc5 Qa5 7. Bd3 Qxc5 8. Qe2
O-O 9. Be3 Qa5 10. O-O Nc6 11. Rad1 Bg4 12. Bc4 Rac8 13. Bb3 Nd7 14. Rd5 Qc7
15. Rg5 Bxf3 16. Rxf3 e6 17. Rh3 Rfe8 18. Qf2 a6 19. Qh4 Nf8 20. Rgg3 Nd4 21.
Bxd4 Bxd4+ 22. Kf1 b5 23. Rd3 Bg7 24. a3 Qb7 25. Qe1 d5 26. exd5 exd5 27. Rhe3
Rxe3 28. Qxe3 d4 29. Qe4 Qxe4 30. Nxe4 Ne6 31. Rf3 Nc5 32. Bxf7+ Kf8 33. Nxc5
Rxc5 34. Bb3 Ke7 35. Ke2 Rc7 36. Kd3 Kd6 37. f5 gxf5 38. Rxf5 Re7 39. Rd5+ Kc6
40. Rh5 h6 41. Bd5+ Kb6 42. Be4 Re5 43. Rh4 a5 44. Rf4 Re7 45. Rg4 a4 46. Rg6+
Ka5 47. g4 Rd7 48. h4 Bf8 49. Rf6 Bg7 50. Rg6 Bf8 51. h5 Rd6 52. Rxd6 Bxd6 53.
g5 hxg5 54. Kxd4 g4 55. h6 Bf8 56. h7 Bg7+ 57. Kd3 b4 58. Kc4 bxa3 59. bxa3 g3
60. Bg2 Bh8 61. Kc5 Bc3 62. Bf1 Bb2 63. Kd5 Bc3 64. Kc6 1-0

[Event "X C.to Europeo a squadre"]
[Site "Debrecen HUN"]
[Date "1992.11.??"]
[Round "8.4"]
[White "Tatai, Stefano"]
[Black "Olafsson, Helgi"]
[Result "1/2-1/2"]
[WhiteElo "2420"]
[BlackElo "2495"]
[Annotator "ITA-ISL"]
[PlyCount "121"]
[EventDate "1992.11.20"]

1. e4 c5 2. Nf3 d6 3. Be2 Nf6 4. c3 Nbd7 5. d3 c4 6. d4 Nxe4 7. Bxc4 e6 8. Bd3
Nef6 9. O-O Be7 10. Re1 O-O 11. Nbd2 b6 12. Qe2 Bb7 13. a4 a6 14. Nf1 Re8 15.
Ng3 Bf8 16. Bg5 Qc7 17. Ne4 Nxe4 18. Bxe4 g6 19. Bxb7 Qxb7 20. Qd2 Bg7 21. Bh6
Bh8 22. Qf4 e5 23. dxe5 dxe5 24. Qe4 Qxe4 25. Rxe4 Nc5 26. Rb4 e4 27. Nd2 Nd3
28. Rxb6 f5 29. g3 a5 30. Rb1 Nc5 31. Ra1 Nd3 32. Be3 Rab8 33. Rb1 g5 34. Rb5
Rxb5 35. axb5 f4 36. Ba7 Re7 37. Bb6 a4 38. Nc4 Rb7 39. Kf1 Ne5 40. Nxe5 Bxe5
41. Bc5 Rxb5 42. Bb4 Rd5 43. gxf4 Bxf4 44. Re1 e3 45. h3 exf2 46. Kxf2 Rd3 47.
Re8+ Kg7 48. h4 gxh4 49. Re4 Bg5 50. Kg2 Kf6 51. Bc5 h3+ 52. Kh1 Rd5 53. Ba7
Ra5 54. Bb6 Kf5 55. Rb4 Ra6 56. Bc7 Be7 57. Rf4+ Kg5 58. Re4 Bf6 59. Kh2 a3 60.
bxa3 Rxa3 61. Re3 1/2-1/2

[Event "X C.to Europeo a squadre"]
[Site "Debrecen HUN"]
[Date "1992.11.??"]
[Round "9.1"]
[White "Rozentalis, Eduardas"]
[Black "Arlandi, Ennio"]
[Result "1-0"]
[WhiteElo "2590"]
[BlackElo "2435"]
[Annotator "ITA-LTU"]
[PlyCount "75"]
[EventDate "1992.11.20"]

1. e4 e5 2. Nf3 Nf6 3. Nxe5 d6 4. Nf3 Nxe4 5. d4 d5 6. Bd3 Nc6 7. O-O Be7 8. c4
Nf6 9. cxd5 Nxd5 10. Nc3 O-O 11. Re1 Be6 12. Qc2 h6 13. Bf5 Ncb4 14. Qb1 Bxf5
15. Qxf5 Nf6 16. Bf4 Nbd5 17. Be5 c6 18. Re2 Bb4 19. Nxd5 Qxd5 20. a3 Ba5 21.
Nh4 Rae8 22. Qf4 Nd7 23. Nf5 Nxe5 24. dxe5 Kh7 25. h4 f6 26. Qg4 g6 27. h5 Rg8
28. Nh4 fxe5 29. hxg6+ Kg7 30. Re3 e4 31. Rd1 Bd2 32. Re2 h5 33. Qg3 e3 34.
Qc7+ Kh6 35. Qh7+ Kg5 36. Nf3+ Kg4 37. Nxd2 exd2 38. Rexd2 1-0

[Event "X C.to Europeo a squadre"]
[Site "Debrecen HUN"]
[Date "1992.11.??"]
[Round "9.2"]
[White "Godena, Michele"]
[Black "Kveinys, Aloyzas"]
[Result "0-1"]
[WhiteElo "2435"]
[BlackElo "2545"]
[Annotator "ITA-LTU"]
[PlyCount "70"]
[EventDate "1992.11.20"]

1. e4 Nf6 2. e5 Nd5 3. d4 d6 4. Nf3 dxe5 5. Nxe5 g6 6. Bc4 Bg7 7. O-O O-O 8.
Re1 c6 9. Bb3 a5 10. a4 Be6 11. c3 Qc7 12. Nd3 Nd7 13. Nd2 Rfe8 14. Ne4 h6 15.
Qf3 Bf5 16. Bd2 Qb6 17. Bc2 Rad8 18. Re2 N7f6 19. Nxf6+ exf6 20. b3 Rxe2 21.
Qxe2 Bxd3 22. Qxd3 f5 23. Rd1 Qc7 24. Qf3 Qe7 25. Qd3 c5 26. Re1 Qc7 27. Qc4
cxd4 28. cxd4 Qb6 29. Qc5 Bxd4 30. Qxb6 Bxb6 31. Bxh6 f4 32. g3 Kh7 33. Bg5 f6
34. Bxf4 Nxf4 35. gxf4 Rd2 0-1